000 00454nam a2200157 4500
001 117080
003 ES-MaACL
005 20230906190827.0
007 t|
008 070228s1960 sp r ||||1| spa d
245 0 3 _aLa paz mediante el desarme
_b: la nueva propuesta norteamericana.
260 _aMadrid :
_bCasa Americana,
_c1960.
300 _a13 p. ;
_c16 cm.
710 0 0 _aCasa Americana (
_cMadrid)
_92458
852 _aES-MaACL
_j2004-F-19
_bR.46743
999 _c117080
_d117080